Information technology for business : (Record no. 7600)

MARC details
000 -LEADER
fixed length control field 00563 a2200169 4500
010 ## - LCCN (DPL NO)
LC control number ENG-88091
020 ## - INTERNATIONAL STANDARD BOOK NUMBER
Terms of availability 150.00
035 ## - SYSTEM CONTROL NUMBER
System control number EN-71624
037 ## - SOURCE OF ACQUISITION
Source of stock number/acquisition DBAD / PUB
082 14 - DEWEY DECIMAL CLASSIFICATION NUMBER
Classification number 650.0285
100 1# - MAIN ENTRY--PERSONAL NAME
Personal name Mohan, P.
245 1# - TITLE STATEMENT
Title Information technology for business :
Remainder of title as per the syllabus of first year, B.com of Calicut University /
Statement of responsibility, etc by P.Mohan
260 ## - PUBLICATION, DISTRIBUTION, ETC. (IMPRINT)
Place of publication, distribution, etc Mumbai
Name of publisher, distributor, etc Himalaya Publishing House
Date of publication, distribution, etc 2006
270 ## - ADDRESS
Address Ramdoot, Dr Bhalerao Marg, Girgaon,
City Mumbai
Postal code 400 004
300 ## - PHYSICAL DESCRIPTION
Extent 251 p.
Dimensions 24 cm (Pbk)
942 ## - ADDED ENTRY ELEMENTS (KOHA)
Institution code [OBSOLETE] dpl
Item type English Books
Source of classification or shelving scheme Dewey Decimal Classification
Classification part 650.0285
Call number suffix MOH
Holdings
Withdrawn status Lost status Not for loan Collection code Home library Current library Source of acquisition Cost, normal purchase price Full call number Barcode Copy number Cost, replacement price Koha item type
    Not For Loan Non-fiction D.B.Act.Division D.B.Act.Division DBAD/PUB 150.00 650.0285 MOH EN-71624 1 150.00 English Books

© Delhi Public Library
Hit Counter
free hit counter